Statistics for World War 1 Casualties

Click here to take the quiz!

General Stats

  • This quiz has been taken 297 times
    (241 since last reset)
  • The average score is 14 of 16

Answer Stats

CasualtiesCountries% Correct
2 754 369 ARussian Tsardom
100%
2 737 000 CPGerman Empire
99%
1 350 000 ABritish Empire
97%
1 860 000CPAustro-Hungarian Empire
95%
1 927 000 AFrench Empire
95%
1 160 000 AItalian Kingdom
94%
2 325 000 CPOttoman Empire
92%
117 000 AUnited States Of America
89%
388 000 CPBulgaria
85%
88 000 ABelgium
84%
1000 AJapan
84%
525 000 ASerbia
83%
25 000 AGreece
79%
550 000 ARomania
78%
7000 APortugal
61%
13000 AMontenegro
59%

Score Distribution

Percentile by Number Answered

Percent of People with Each Score

Your Score History

You have not taken this quiz since the last reset